Name every Disney Princess in 2 minutes - Statistics

General Stats
  • This quiz has been taken 246 times
    192 since last reset
  • The average score is 11 of 15
Answer Stats
Hint Answer % Correct
1950 Cinderella
95%
1937 Snow White
95%
1959 Aurora
92%
2010 Rapunzel
88%
1991 Belle
83%
1989 Ariel
81%
1995 Pocahontas
81%
1992 Jasmine
80%
2016 Moana
79%
1998 Mulan
79%
2009 Tiana
77%
2012 Merida
72%
2013 Anna
68%
2021 Raya
55%
1942 Faline
4%
No matching quizzes found
Score Distribution
Percent of People with Each Score
Percentile by Number Answered
Your Score History
You have not taken this quiz since the last reset